| 000 | 00546nam a2200229Ia 4500 | ||
|---|---|---|---|
| 005 | 20251020182515.0 | ||
| 008 | 200515s9999 xx 000 0 und d | ||
| 020 | _a9972-42-517-7 | ||
| 082 | _a658.652.90/A37 | ||
| 100 | _aServat, Alberto alexander | ||
| 245 | 0 | _aImplantación estratégica del ISO 900 | |
| 260 | _aLima | ||
| 260 | _bPUCP. CENTRUM | ||
| 260 | _c2003 | ||
| 300 | _btbls. | ||
| 500 | _a1 ejemplar | ||
| 650 | _aCALIDAD | ||
| 650 | _aCONTROL DE CALIDAD | ||
| 650 | _aNORMA ISO 9000 | ||
| 942 | _cLIB | ||
| 999 |
_c1569 _d1569 |
||